Teknoloji: dünya ve Türkiye (Kayıt no. 6194)

MARC ayrıntıları
000 -BAŞLIK
Sabit Uzunlukta Kontrol Alanı 00770na a2200253 4500
001 - KONTROL NUMARASI
Denetim Alanı 19268
003 - KONTROL NUMARASI IDENTIFIER
Denetim Alanı MIRAKIL
005 - SON İŞLEM TARİHİ VE ZAMANI
Denetim Alanı 20181213155059.0
008 - SABİT-BOY VERİ ELEMANLARI - GENEL BİLGİLER
Sabit Uzunlukta Kontrol Alanı 161212b tu 000 0
035 ## - SİSTEM KONTROL NUMARASI
Sistem Kontrol Numarası 19268
040 ## - KATALOGLAMA KAYNAK
Orijinal Kataloglama Ajansı Milas
Kataloglama Dili tur
Metne Dönüştürmek Ajansı TR-AnCHP
041 ## - DİL KODU
Metin / Ses Parça Veya Ayrı Başlığın Dil Kodu tur
082 ## - DEWEY ONLU SINIFLANDIRMA NUMARASI
Sınıflandırma Numarası 338.927
Ürün Numarası Y26t 1989
090 ## - SINIFLAMA NUMARASI
Sınıflama Numarası 338.927 Y26t 1989
100 ## - ANA GİRİŞ - KİŞİSEL İSİM
Kişisel Ad Yarman, Tolga
245 ## - BAŞLIK TABLOSU
Başlık Teknoloji: dünya ve Türkiye
Sorumluluk Tablosu, Vb Tolga Yarman, Binboğa Sıddık Yarman, Faruk Ağa Yarman
260 ## - YAYIN, DAĞITIM, VB
Yayın, Dağıtım, Vb Yeri [y.y.]
Yayıncı, Dağıtıcı, Vs Adı TÜSES Yayınları
Yayın, Dağıtım, Vb Tarihi 1989
300 ## - FİZİKSEL TANIM
Kapsam 111 s.
Diğer Fiziksel Ayrıntıları tbl.; grf.
Boyutlar 30 sm.
650 ## - KONU KATMA GİRİŞ - TOPİKAL DÖNEM
Topikal Süreli Veya Coğrafi Ad Giriş Elemanı Teknoloji
Coğrafi Alt Bölümü Türkiye
700 ## - KATMA GİRİŞ - KİŞİSEL İSİM
Kişisel Ad Yarman, Faruk Ağa
700 ## - KATMA GİRİŞ - KİŞİSEL İSİM
Kişisel Ad Yarman, Binboğa Sıddık
830 ## - SERİSİ EKLENDİ GİRİŞ - ÜNİFORM ADI
Üniforma Başlık Türkiye Sosyal Ekonomik Siyasal Araştırmalar Vakfı Yayınları
942 ## - EKLENDİ GİRİŞ ELEMANLARI (KOHA)
Sınıflandırma Veya Raf Düzeni Kaynak Dewey Decimal Classification
Koha Öğesi Türü Kitaplar
999 ## - SİSTEM KONTROL NUMARALARI (KOHA)
Koha Biblionumber 6194
Koha Biblioitemnumber 6194
Mevcut
Kalıcı Konum Mevcut Konum Edinme Tarihi Edinim Kaynak Toplam Check-Out'Lar Tam Çağrı Numarası Barkod Tarih Son Görülme İtibaren Geçerli Fiyatlar Koha Öğesi Türü
CHP Kütüphanesi CHP Kütüphanesi 12/12/2016 Bağış   338.927 Y26t 1989 011523 12/12/2016 12/12/2016 Kitaplar